000 00756namaa22001691 4500
001 174042
003 ES-MaACL
005 20231223063116.0
008 100209s1907 sp |||| | spa d
100 1 _aDicenta, Joaquín,
_d1863-1917
_944474
245 1 0 _aLorenza
_b: comedia en tres actos y en prosa /
_coriginal de Joaquín Dicenta.
260 _aMadrid :
_bSociedad de Autores Españoles,
_c1907 (
_fR. Velasco)
300 _a67 p. ;
_c20 cm.
500 _aEn port.: Estrenada en el teatro Español la noche del 12 de diciembre de 1907.
852 _aES-MaACL
_jF-8647(6)
_z.- Enc. hol, conservando la cub. original
_z.- Enc. en un vol. facticio formando parte de la col. facticia "Teatro español moderno" v. 104
999 _c174042
_d174042